Statistics for Chicago Bulls 2017-18 Roster

Click here to take the quiz!

General Stats

  • This quiz has been taken 46 times
  • The average score is 10 of 18

Answer Stats

Nbr Post Player % Correct
8GuardZach LaVine
91%
32GuardKris Dunn
88%
42CenterRobin Lopez
88%
24ForwardLauri Markkanen
81%
5ForwardBobby Portis
78%
44ForwardNikola Mirotic
72%
45ForwardDenzel Valentine
66%
-Head CoachFred Hoiberg
59%
6Center-ForwardCristiano Felicio
53%
7GuardJustin Holiday
53%
16ForwardPaul Zipser
53%
2GuardJerian Grant
50%
11GuardDavid Nwaba
41%
22GuardCameron Payne
34%
9GuardAntonio Blakeney
28%
15GuardRyan Arcidiacono
25%
20GuardQuincy Pondexter
19%
3GuardKay Felder
13%

Score Distribution

Percentile by Number Answered

Percent of People with Each Score

Your Score History

You have not taken this quiz